[Event "Scarborough CC ch Reserves op"]
[Site "Toronto CAN"]
[Date "2010.03.11"]
[Round "3"]
[White "Wu, Kevin"]
[Black "Luiting, Larry"]
[Result "1-0"]
[WhiteElo "1911"]
[BlackElo "1702"]
[PlyCount "51"]
[EventDate "2010.02.25"]
[EventType "swiss"]
[EventRounds "9"]
[EventCountry "CAN"]

1. e4 d5 2. exd5 Nf6 3. c4 c6 4. dxc6 Nxc6 5. d3 e5 6. Nc3 Bf5 7. a3 Bc5 8. Be3
Bxe3 9. fxe3 Qb6 10. Qd2 Ng4 11. Nd5 Qd8 12. e4 Bg6 13. Nf3 Rc8 14. b4 f5 15.
h3 Nf6 16. Nxf6+ Qxf6 17. Qe3 O-O 18. Be2 Nd4 19. Rc1 Nxf3+ 20. Bxf3 Qh4+ 21.
Ke2 fxe4 22. dxe4 Rf4 23. g3 Qxg3 24. Rcg1 Qxf3+ 25. Qxf3 Rxf3 26. Kxf3 1-0

[Event "Scarborough CC ch Reserves op"]
[Site "Toronto CAN"]
[Date "2010.03.11"]
[Round "3"]
[White "Xie, Peter"]
[Black "Farrant-Diaz, Nathan"]
[Result "1-0"]
[WhiteElo "1546"]
[BlackElo "1698"]
[PlyCount "58"]
[EventDate "2010.02.25"]
[EventType "swiss"]
[EventRounds "9"]
[EventCountry "CAN"]

1. e4 b6 2. d4 Bb7 3. Nc3 e6 4. Nf3 Bb4 5. Bd3 Nf6 6. e5 Nd5 7. Bd2 Bxc3 8.
bxc3 c5 9. O-O h6 10. Rb1 Qc7 11. c4 Ne7 12. c3 O-O 13. Nh4 f5 14. exf6 Rxf6
15. Qg4 Kh8 16. Rfe1 Nbc6 17. Qe4 Nf5 18. d5 g5 19. Nxf5 exf5 20. Qe2 Na5 21.
h4 g4 22. Qe7 Raf8 23. Bxh6 R6f7 24. Qg5 Qd6 25. Bxf8 Qxf8 26. Re5 Nxc4 27.
Bxc4 Ba6 28. Bxa6 Rg7 29. Qh6+ Kg8 1-0

[Event "Scarborough CC ch Reserves op"]
[Site "Toronto CAN"]
[Date "2010.03.11"]
[Round "3"]
[White "Zhou, Kevin"]
[Black "Takov, Chris"]
[Result "1-0"]
[WhiteElo "1919"]
[BlackElo "1792"]
[PlyCount "109"]
[EventDate "2010.02.25"]
[EventType "swiss"]
[EventRounds "9"]
[EventCountry "CAN"]

1. e4 e5 2. Nf3 f5 3. d3 d6 4. Nc3 h6 5. g3 Nf6 6. Nh4 fxe4 7. Nxe4 Nbd7 8. Be2
Kf7 9. Bh5+ Nxh5 10. Qxh5+ Kg8 11. O-O d5 12. Nc3 Nf6 13. Qxe5 Bd6 14. Qe2 Bg4
15. f3 Bh3 16. Re1 c6 17. d4 Qc7 18. Qf2 Kh7 19. f4 b5 20. Bd2 b4 21. Na4 Ne4
22. Qe3 Rae8 23. Qd3 g6 24. a3 a5 25. axb4 axb4 26. Nc5 Bxc5 27. dxc5 Qg7 28.
c3 Nxc5 29. Qd4 Qxd4+ 30. cxd4 Rxe1+ 31. Bxe1 Nd3 32. Ra7+ Kg8 33. Bd2 Rh7 34.
Ra8+ Kg7 35. b3 Kf6 36. Nf3 g5 37. fxg5+ Kf5 38. Rf8+ Ke4 39. gxh6 Ra7 40. Ng5+
Kxd4 41. Nxh3 Ra1+ 42. Rf1 Ra7 43. Nf4 c5 44. Nxd3 Kxd3 45. Bc1 Kc2 46. g4 d4
47. g5 d3 48. g6 Ra6 49. h7 Rxg6+ 50. Kh1 d2 51. Bxd2 Kxd2 52. h8=Q Ke2 53.
Qh5+ Kxf1 54. Qxg6 Ke1 55. Qc2 1-0

[Event "Scarborough CC ch Reserves op"]
[Site "Toronto CAN"]
[Date "2010.03.18"]
[Round "4"]
[White "Al Ganabi, Haqi"]
[Black "Moysoski, Randy"]
[Result "0-1"]
[WhiteElo "1981"]
[BlackElo "1886"]
[PlyCount "90"]
[EventDate "2010.02.25"]
[EventType "swiss"]
[EventRounds "9"]
[EventCountry "CAN"]

1. e4 d5 2. exd5 Nf6 3. d4 Qxd5 4. c4 Qd8 5. Nf3 Bg4 6. Be2 e6 7. Qb3 Qc8 8. h3
Bf5 9. O-O Be7 10. Nc3 c6 11. Nh4 Bg6 12. Nxg6 hxg6 13. d5 e5 14. Bf3 Qc7 15.
Re1 Kf8 16. Be3 Nbd7 17. Rad1 Nc5 18. Qc2 Rc8 19. dxc6 bxc6 20. b4 Ne6 21. a3
a5 22. c5 axb4 23. axb4 Rh4 24. b5 Nxc5 25. Bxc6 Rc4 26. Qb2 Qa5 27. Bd2 Nd3
28. Ra1 Qc7 29. Qa2 Rb4 30. Re2 Rb2 31. Qc4 Nb4 32. Na4 Rc2 33. Qxb4 Rxc6 34.
Qb3 Rc2 35. b6 Qb7 36. Nc3 R8xc3 37. Bxc3 Rxe2 38. Ra7 Qb8 39. b7 Qxa7 40.
b8=Q+ Qxb8 41. Qxb8+ Ne8 42. Bxe5 Re1+ 43. Kh2 Rxe5 44. Qxe5 Bd6 45. Qxd6+ Nxd6
0-1

[Event "Scarborough CC ch Reserves op"]
[Site "Toronto CAN"]
[Date "2010.03.18"]
[Round "4"]
[White "Azmitia, Gabriel"]
[Black "Rapoport, Alexander"]
[Result "0-1"]
[WhiteElo "1575"]
[BlackElo "1809"]
[PlyCount "95"]
[EventDate "2010.02.25"]
[EventType "swiss"]
[EventRounds "9"]
[EventCountry "CAN"]

1. Nf3 f5 2. d4 Nf6 3. Nbd2 g6 4. b3 Bg7 5. Bb2 O-O 6. e3 b6 7. g3 Bb7 8. Bg2
Nc6 9. a3 Qe8 10. Ne5 Nd8 11. Bxb7 Nxb7 12. f4 Nd6 13. Qe2 a5 14. a4 e6 15. Ba3
Qc8 16. c4 c5 17. Bb2 Nfe4 18. Rd1 Qb7 19. Rg1 Nxd2 20. Rxd2 Ne4 21. Rd1 d6 22.
Nf3 Qe7 23. d5 Nc3 24. Bxc3 Bxc3+ 25. Kf2 e5 26. Ng5 Rfe8 27. Rd3 exf4 28. gxf4
Qf6 29. Kg2 Re4 30. Kf3 Ra7 31. Ne6 Kf7 32. Rg3 Ke8 33. Qg2 Re7 34. Qc2 Bb4 35.
Kg2 Be1 36. Rh3 Bh4 37. Qe2 h6 38. Rf3 Kd7 39. Rd1 g5 40. h3 Qc3 41. Qd3 Qf6
42. Kh1 gxf4 43. exf4 Qb2 44. Re3 Rxe3 45. Qxe3 Re8 46. Rd2 Qc1+ 47. Kh2 Rg8
48. Nxc5+ 0-1

[Event "Scarborough CC ch Reserves op"]
[Site "Toronto CAN"]
[Date "2010.03.18"]
[Round "4"]
[White "Bao, Stephen"]
[Black "Verde, Pino"]
[Result "1/2-1/2"]
[WhiteElo "1619"]
[BlackElo "1895"]
[PlyCount "99"]
[EventDate "2010.02.25"]
[EventType "swiss"]
[EventRounds "9"]
[EventCountry "CAN"]

1. e4 g6 2. d4 Bg7 3. c3 d6 4. Nf3 Nd7 5. Be3 e5 6. Nbd2 Ngf6 7. h3 h5 8. Bc4
O-O 9. O-O c6 10. a4 Re8 11. dxe5 Nxe5 12. Nxe5 Rxe5 13. Bf4 Re8 14. Qb3 d5 15.
exd5 cxd5 16. Bb5 Re6 17. Nf3 Ne4 18. Nd4 Bxd4 19. cxd4 g5 20. Be3 f5 21. f3
Ng3 22. Rfe1 a6 23. Bd3 Rb6 24. Qa2 Be6 25. Bd2 Qf6 26. Re5 g4 27. Be1 h4 28.
Bxg3 hxg3 29. fxg4 Rb4 30. gxf5 Bf7 31. Rae1 Rxd4 32. Bf1 Qb6 33. Kh1 Re4 34.
R5xe4 dxe4 35. Qb1 Bd5 36. Qc1 Kh7 37. Rd1 Qc6 38. Qg5 Rg8 39. Qh4+ Kg7 40.
Qxg3+ Kf6 41. Qe3 Kxf5 42. Be2 Rg5 43. h4 Rg7 44. Rf1+ Kg6 45. Bg4 Kh7 46. Bf5+
Kg8 47. Qf4 Qc7 48. Bxe4 Bxe4 49. Qxe4 Qg3 50. Rd1 1/2-1/2

[Event "Scarborough CC ch Reserves op"]
[Site "Toronto CAN"]
[Date "2010.03.18"]
[Round "4"]
[White "Bellissimo, Joseph"]
[Black "Xie, Peter"]
[Result "1-0"]
[WhiteElo "1726"]
[BlackElo "1546"]
[PlyCount "105"]
[EventDate "2010.02.25"]
[EventType "swiss"]
[EventRounds "9"]
[EventCountry "CAN"]

1. e4 e5 2. Nf3 Nc6 3. Bc4 Nf6 4. d3 Be7 5. Nc3 d6 6. Be3 Na5 7. Bb3 Bg4 8. h3
Bh5 9. Ba4+ c6 10. b4 b5 11. Bxb5 cxb5 12. bxa5 b4 13. Ne2 Bxf3 14. gxf3 d5 15.
Rg1 g6 16. Bd2 Bc5 17. Rg5 Bd6 18. c3 h6 19. Rg1 Qxa5 20. Qc1 Rc8 21. Qb2 bxc3
22. Bxc3 Qc7 23. Rc1 Qb8 24. f4 Qxb2 25. Bxb2 Rxc1+ 26. Nxc1 dxe4 27. fxe5 Bb4+
28. Kd1 Nd5 29. dxe4 Nc7 30. Nd3 Be7 31. e6 Rg8 32. exf7+ Kxf7 33. Ne5+ Ke6 34.
Rxg6+ Rxg6 35. Nxg6 Bf6 36. Nf4+ Ke7 37. Bxf6+ Kxf6 38. Nd5+ Nxd5 39. exd5 Ke5
40. Kd2 Kxd5 41. Kd3 Ke5 42. Ke3 h5 43. h4 Kf5 44. f3 Ke5 45. a4 Kf5 46. f4 Kf6
47. Ke4 Ke6 48. f5+ Kf6 49. Kf4 Kf7 50. Kg5 Kg7 51. Kxh5 Kf6 52. Kg4 Kg7 53.
Kg5 1-0

[Event "Scarborough CC ch Reserves op"]
[Site "Toronto CAN"]
[Date "2010.03.18"]
[Round "4"]
[White "Cale, Ferdinand"]
[Black "Manalo, Pepin"]
[Result "0-1"]
[WhiteElo "1626"]
[BlackElo "1838"]
[PlyCount "152"]
[EventDate "2010.02.25"]
[EventType "swiss"]
[EventRounds "9"]
[EventCountry "CAN"]

1. c4 Nf6 2. d3 e6 3. e4 c5 4. b3 Nc6 5. Bd2 Qc7 6. Nc3 a6 7. g3 Be7 8. f4 d6
9. Bg2 Bd7 10. Nf3 Rb8 11. O-O b5 12. Re1 b4 13. Ne2 O-O 14. Kh1 Ng4 15. Rf1 f5
16. Ne1 Bf6 17. Rb1 a5 18. h3 Nh6 19. Nc2 Kh8 20. Be3 Rbd8 21. Kh2 Be8 22. Qe1
Rg8 23. Qf2 Qf7 24. Bf3 Qd7 25. e5 dxe5 26. Bxc5 Qc7 27. Bxc6 Qxc6 28. fxe5
Bxe5 29. d4 Bc7 30. Nf4 Bf7 31. Rbe1 Rge8 32. Nd3 Qb7 33. Ne5 Bg8 34. Qf3 Qxf3
35. Rxf3 Nf7 36. Nc6 Ng5 37. Rd3 Ra8 38. a4 Ne4 39. Rf3 h5 40. Kg2 Ra6 41.
N6xb4 axb4 42. Bxb4 Bh7 43. Na3 Rb8 44. Nb5 Ba5 45. Bxa5 Rxa5 46. c5 Rc8 47. h4
Bg6 48. Rc1 Be8 49. Nc3 Nd2 50. Re3 Bc6+ 51. Kh2 Nxb3 52. Rd1 Bd7 53. d5 exd5
54. Rxd5 Bc6 55. Rxf5 Rxc5 56. Rxc5 Nxc5 57. a5 Rd8 58. Re2 Rd3 59. Rc2 Bf3 60.
Kg1 Na6 61. Kf2 Kh7 62. Ne2 Ra3 63. Nd4 Be4 64. Re2 Nc5 65. Nb5 Rxa5 66. Nd6
Bg6 67. Kf3 Ra3+ 68. Kg2 Rd3 69. Nc4 Ne4 70. Ne5 Rxg3+ 71. Kh2 Nc3 72. Rd2 Re3
73. Nc4 Re2+ 74. Rxe2 Nxe2 75. Ne3 Nd4 76. Kh3 Kh6 0-1

[Event "Scarborough CC ch Reserves op"]
[Site "Toronto CAN"]
[Date "2010.03.18"]
[Round "4"]
[White "Conte, Mike"]
[Black "Zhou, Kevin"]
[Result "1-0"]
[WhiteElo "1919"]
[BlackElo "1823"]
[PlyCount "35"]
[EventDate "2010.02.25"]
[EventType "swiss"]
[EventRounds "9"]
[EventCountry "CAN"]

1. e4 e5 2. Nf3 Nc6 3. Nc3 Nf6 4. g3 Bc5 5. Bg2 d6 6. d3 h6 7. Na4 Bb6 8. O-O
Be6 9. h3 Qd7 10. Kh2 Ba5 11. a3 b5 12. b4 bxa4 13. bxa5 Nxa5 14. d4 exd4 15.
Qxd4 d5 16. exd5 Bxd5 17. Re1+ Kf8 18. Qc5+ 1-0

[Event "Scarborough CC ch Reserves op"]
[Site "Toronto CAN"]
[Date "2010.03.18"]
[Round "4"]
[White "Farrant-Diaz, Nathan"]
[Black "Graham, John"]
[Result "0-1"]
[WhiteElo "1698"]
[BlackElo "1447"]
[PlyCount "98"]
[EventDate "2010.02.25"]
[EventType "swiss"]
[EventRounds "9"]
[EventCountry "CAN"]

1. e4 c5 2. Nf3 Nc6 3. d4 e6 4. Bb5 Qc7 5. d5 exd5 6. exd5 a6 7. dxc6 axb5 8.
cxd7+ Bxd7 9. c3 Bd6 10. O-O Ne7 11. h3 O-O 12. Be3 Nf5 13. Re1 Rfe8 14. Qd3 c4
15. Qd2 Nxe3 16. Rxe3 Rxe3 17. Qxe3 Re8 18. Qd2 Bc6 19. Nd4 Qe7 20. Na3 Bxa3
21. bxa3 Qxa3 22. Nxc6 bxc6 23. Qd7 Rf8 24. Qxc6 Qxc3 25. Rb1 Qa3 26. Rxb5 Qxa2
27. Rc5 g6 28. Rxc4 Rd8 29. Rf4 Rd1+ 30. Kh2 Rd2 31. Qe8+ Kg7 32. Qe5+ Kf8 33.
Rb4 Qa7 34. Rb8+ Qxb8 35. Qxb8+ Kg7 36. Qe5+ Kg8 37. Kg3 h5 38. Qf6 Rd5 39. Kh4
Rf5 40. Qd8+ Kg7 41. Qd4+ Kg8 42. g4 hxg4 43. hxg4 Rf3 44. Kg5 Kh7 45. Qc5 f6+
46. Kh4 g5+ 47. Qxg5 fxg5+ 48. Kh5 Rxf2 49. Kxg5 Kg7 0-1

[Event "Scarborough CC ch Reserves op"]
[Site "Toronto CAN"]
[Date "2010.03.18"]
[Round "4"]
[White "Fiedler, Brian"]
[Black "Ugodnikov, Arkadiy"]
[Result "1/2-1/2"]
[WhiteElo "2161"]
[BlackElo "1785"]
[PlyCount "42"]
[EventDate "2010.02.25"]
[EventType "swiss"]
[EventRounds "9"]
[EventCountry "CAN"]

1. Nf3 Nf6 2. c4 g6 3. Nc3 d5 4. cxd5 Nxd5 5. Qa4+ Bd7 6. Qh4 Nxc3 7. dxc3 Nc6
8. e4 e5 9. Bg5 Be7 10. Bc4 h6 11. Bxe7 Qxe7 12. Qxe7+ Kxe7 13. Bd5 Kf6 14.
O-O-O Rad8 15. Nd2 b6 16. Nc4 Ne7 17. Ne3 c6 18. Bc4 Be6 19. g3 Bxc4 20. Nxc4
Ke6 21. f4 f6 1/2-1/2

[Event "Scarborough CC ch Reserves op"]
[Site "Toronto CAN"]
[Date "2010.03.18"]
[Round "4"]
[White "Gillis, Doug"]
[Black "Posaratnanathan, Juliaan"]
[Result "1/2-1/2"]
[WhiteElo "1611"]
[BlackElo "1694"]
[PlyCount "62"]
[EventDate "2010.02.25"]
[EventType "swiss"]
[EventRounds "9"]
[EventCountry "CAN"]

1. e4 c5 2. Nf3 Nc6 3. d4 cxd4 4. Nxd4 Nf6 5. Nc3 e5 6. Ndb5 d6 7. Nd5 Nxd5 8.
exd5 Nb8 9. c4 a6 10. Qa4 Bd7 11. Qa3 Bxb5 12. cxb5 a5 13. Be3 b6 14. Rc1 Nd7
15. Be2 Nc5 16. Bxc5 dxc5 17. O-O Bd6 18. Qh3 Qg5 19. Qg4 Qxg4 20. Bxg4 O-O 21.
Bd7 Rad8 22. Bc6 e4 23. Rce1 f5 24. g4 Be5 25. gxf5 Rxf5 26. Rxe4 Bxb2 27. Rfe1
Bd4 28. R1e2 Rf6 29. Re6 a4 30. Rxf6 Bxf6 31. Re6 Kf7 1/2-1/2

[Event "Scarborough CC ch Reserves op"]
[Site "Toronto CAN"]
[Date "2010.03.18"]
[Round "4"]
[White "Hahnewald, Uwe"]
[Black "Southam, David"]
[Result "1/2-1/2"]
[WhiteElo "1935"]
[BlackElo "2168"]
[PlyCount "48"]
[EventDate "2010.02.25"]
[EventType "swiss"]
[EventRounds "9"]
[EventCountry "CAN"]

1. e4 c5 2. c3 e6 3. d4 d5 4. exd5 exd5 5. Nf3 Nc6 6. Be2 Bd6 7. O-O Nge7 8.
dxc5 Bxc5 9. Nbd2 O-O 10. Nb3 Bb6 11. Nfd4 Bc7 12. Be3 Qd6 13. Nf3 Bg4 14. Bc5
Qd7 15. Re1 Rfe8 16. h3 Be6 17. Nfd4 Nxd4 18. Nxd4 Nc6 19. Nf3 Rad8 20. Qc2
Bxh3 21. gxh3 Qxh3 22. Qd3 Qg4+ 23. Kf1 Qh3+ 24. Kg1 Qg4+ 1/2-1/2

[Event "Scarborough CC ch Reserves op"]
[Site "Toronto CAN"]
[Date "2010.03.18"]
[Round "4"]
[White "Krupka, David"]
[Black "Rutherdale, William"]
[Result "1/2-1/2"]
[WhiteElo "2015"]
[BlackElo "1734"]
[PlyCount "97"]
[EventDate "2010.02.25"]
[EventType "swiss"]
[EventRounds "9"]
[EventCountry "CAN"]

1. e4 e5 2. Nf3 Nc6 3. Bb5 a6 4. Ba4 Nf6 5. O-O Be7 6. Re1 b5 7. Bb3 d6 8. c3
O-O 9. h3 Na5 10. Bc2 c5 11. d3 Nc6 12. Nbd2 g6 13. Nf1 Nh5 14. d4 Qc7 15. Bh6
Rd8 16. d5 Na5 17. b3 Nf4 18. Qd2 Nh5 19. g4 Ng7 20. Ng3 Re8 21. Kg2 Nb7 22.
Rh1 f6 23. Nh2 Nd8 24. Be3 Nf7 25. Raf1 a5 26. h4 b4 27. c4 Bd7 28. h5 g5 29.
Qe2 Nh6 30. f3 a4 31. Ra1 a3 32. Rag1 Reb8 33. Qd3 Nf7 34. h6 Nxh6 35. Nf5
Ngxf5 36. gxf5 Nf7 37. Ng4 Kg7 38. Kf2 Rh8 39. Rh5 h6 40. Qf1 Rh7 41. Qg2 Rah8
42. Nh2 Be8 43. Bd1 Nd8 44. f4 exf4 45. Bxf4 Nf7 46. Rh3 h5 47. Nf3 Qd8 48. Rg3
Kf8 49. Be3 1/2-1/2

[Event "Scarborough CC ch Reserves op"]
[Site "Toronto CAN"]
[Date "2010.03.18"]
[Round "4"]
[White "Mahoney, Ian"]
[Black "Maister, Martin"]
[Result "1/2-1/2"]
[WhiteElo "1622"]
[BlackElo "1875"]
[PlyCount "65"]
[EventDate "2010.02.25"]
[EventType "swiss"]
[EventRounds "9"]
[EventCountry "CAN"]

1. d4 Nf6 2. c4 c5 3. Nf3 cxd4 4. Nxd4 g6 5. Nc3 Bg7 6. e4 O-O 7. Be2 Nc6 8.
Be3 d6 9. O-O Nxd4 10. Bxd4 Bd7 11. Qd2 Bc6 12. f3 a6 13. Rfd1 Nd7 14. Bxg7
Kxg7 15. Kh1 Nf6 16. Rac1 Qa5 17. a3 Rfc8 18. Qe3 Qc5 19. Qd3 Qb6 20. Rc2 Qd8
21. Nd5 Nxd5 22. exd5 Bd7 23. Rdc1 Kg8 24. Qe3 b5 25. cxb5 Rxc2 26. Rxc2 axb5
27. Qc1 Qa5 28. Rc7 Ra7 29. Rxa7 Qxa7 30. Bd1 Qd4 31. Bb3 h5 32. Qc3 Qf2 33. h3
1/2-1/2

[Event "Scarborough CC ch Reserves op"]
[Site "Toronto CAN"]
[Date "2010.03.18"]
[Round "4"]
[White "Marcille, Gord"]
[Black "Picana, Andrew"]
[Result "0-1"]
[WhiteElo "1778"]
[BlackElo "2084"]
[PlyCount "92"]
[EventDate "2010.02.25"]
[EventType "swiss"]
[EventRounds "9"]
[EventCountry "CAN"]

1. e4 c5 2. Nf3 d6 3. d4 cxd4 4. Nxd4 Nf6 5. Nc3 a6 6. Bd3 g6 7. Bg5 Nc6 8.
Nxc6 bxc6 9. Qd2 h6 10. Bxf6 exf6 11. O-O Bg7 12. f4 O-O 13. f5 Qb6+ 14. Kh1
Qxb2 15. fxg6 fxg6 16. Bc4+ Kh7 17. Rab1 Qa3 18. Rf3 Qc5 19. Bb3 Bg4 20. Rg3 f5
21. exf5 Bxf5 22. Re1 Rae8 23. Na4 Qd4 24. Qa5 Rxe1+ 25. Qxe1 Be5 26. Rf3 Re8
27. c3 Qa7 28. g4 Be6 29. Bxe6 Rxe6 30. Qf1 Bg7 31. Rf2 Qe3 32. Rf4 Qd2 33. Rf2
Qd5+ 34. Kg1 Re4 35. Rf4 Qe5 36. Rxe4 Qxe4 37. Qxa6 Qxg4+ 38. Kf1 Qf3+ 39. Kg1
h5 40. Qc4 Be5 41. h4 Kg7 42. Qe6 Qd1+ 43. Kg2 Qxa4 44. Qe7+ Kh6 45. Qg5+ Kh7
46. Qe7+ Bg7 0-1

[Event "Scarborough CC ch Reserves op"]
[Site "Toronto CAN"]
[Date "2010.03.18"]
[Round "4"]
[White "Mesiti, Silvano"]
[Black "Huston, Scott"]
[Result "0-1"]
[WhiteElo "1735"]
[BlackElo "1630"]
[PlyCount "106"]
[EventDate "2010.02.25"]
[EventType "swiss"]
[EventRounds "9"]
[EventCountry "CAN"]

1. e4 c5 2. Nf3 d6 3. Nc3 Nf6 4. Bc4 a6 5. a4 Bg4 6. Be2 e6 7. O-O Be7 8. d3
Nc6 9. Nd2 Bxe2 10. Nxe2 Qc7 11. Nc4 O-O 12. c3 b5 13. Na3 Rab8 14. axb5 axb5
15. Bf4 e5 16. Bd2 b4 17. Nc4 d5 18. exd5 Nxd5 19. f4 Nb6 20. Nxe5 Nxe5 21.
fxe5 bxc3 22. bxc3 Rbd8 23. d4 Nc4 24. Ra4 Nb2 25. Qa1 Nxa4 26. Qxa4 cxd4 27.
cxd4 Ra8 28. Qb3 Rab8 29. Qg3 Qc2 30. Bh6 Qg6 31. Qxg6 hxg6 32. Be3 Rfd8 33.
Rc1 Ba3 34. Rc3 Bb2 35. Rd3 f6 36. e6 g5 37. g4 Kf8 38. d5 Be5 39. Bc5+ Bd6 40.
Bf2 Rb2 41. Ng3 Rc8 42. Ne4 Ke7 43. Nxd6 Kxd6 44. Bg3+ Ke7 45. Bf2 Rc1+ 46. Kg2
Rcc2 47. Rf3 Rd2 48. Kg3 Rxd5 49. Rc3 Re5 50. Ra3 Rxe6 51. Ra7+ Kd6 52. Rxg7
Ree2 53. Bd4 Rb3+ 0-1

[Event "Scarborough CC ch Reserves op"]
[Site "Toronto CAN"]
[Date "2011.03.17"]
[Round "4"]
[White "Moran-Venegas, Mario"]
[Black "Ugodnikov, Arkadiy"]
[Result "1-0"]
[WhiteElo "1812"]
[BlackElo "1854"]
[PlyCount "107"]
[EventDate "2010.02.25"]
[EventType "swiss"]
[EventRounds "9"]
[EventCountry "CAN"]

1. e4 e5 2. Nf3 Nc6 3. Bb5 a6 4. Ba4 Nf6 5. O-O Be7 6. Re1 b5 7. Bb3 d6 8. c3
O-O 9. h3 Bb7 10. d4 Re8 11. Nbd2 Bf8 12. Nf1 exd4 13. cxd4 Rxe4 14. Bxf7+ Kh8
15. Rxe4 Nxe4 16. Bd5 Qe7 17. Ng3 Nxg3 18. fxg3 Na5 19. Bg5 Qd7 20. Bxb7 Nxb7
21. Rc1 Re8 22. Bf4 Be7 23. Qc2 c5 24. dxc5 Nxc5 25. Ng5 Bxg5 26. Bxg5 h6 27.
Bf4 Ne4 28. Qd3 Re6 29. Qd5 Nf6 30. Qa8+ Kh7 31. Qxa6 d5 32. Qa5 Ne8 33. Rc5 d4
34. Rxb5 Qc6 35. Rc5 Qe4 36. Re5 Rxe5 37. Qxe5 Qb1+ 38. Kh2 Nf6 39. Qxd4 Qxa2
40. b4 Qa4 41. Qd3+ Kg8 42. b5 Qa5 43. Bxh6 Qb6 44. Be3 Qb7 45. Qd8+ Kh7 46. b6
Nd5 47. Bd4 Kg6 48. Qd6+ Kh7 49. g4 Kg8 50. g5 Kh8 51. g6 Ne7 52. Qd8+ Ng8 53.
Qh4+ Nh6 54. Qxh6+ 1-0

[Event "Scarborough CC ch Reserves op"]
[Site "Toronto CAN"]
[Date "2010.03.18"]
[Round "4"]
[White "Morra, Lui"]
[Black "Wu, Kevin"]
[Result "0-1"]
[WhiteElo "1660"]
[BlackElo "1911"]
[PlyCount "56"]
[EventDate "2010.02.25"]
[EventType "swiss"]
[EventRounds "9"]
[EventCountry "CAN"]

1. e4 c5 2. Nf3 d6 3. d4 cxd4 4. Nxd4 Nf6 5. Nc3 g6 6. Be2 Bg7 7. Bg5 O-O 8.
Qd2 Nc6 9. Nxc6 bxc6 10. Bh6 Rb8 11. Bxg7 Kxg7 12. O-O-O Qa5 13. Kb1 Be6 14. h4
Nxe4 15. Qd4+ Nf6 16. h5 c5 17. Qe3 d5 18. hxg6 d4 19. Qh6+ Kg8 20. gxf7+ Kh8
21. Rd3 dxc3 22. b3 Bf5 23. Rg3 Bxc2+ 24. Ka1 Bg6 25. Bd3 Qa3 26. Rb1 Nd5 27.
b4 Nxb4 28. Bc4 Nc2# 0-1

[Event "Scarborough CC ch Reserves op"]
[Site "Toronto CAN"]
[Date "2010.03.18"]
[Round "4"]
[White "Paterson, Jim"]
[Black "Bellomo, Joe"]
[Result "1-0"]
[WhiteElo "1905"]
[BlackElo "1778"]
[PlyCount "95"]
[EventDate "2010.02.25"]
[EventType "swiss"]
[EventRounds "9"]
[EventCountry "CAN"]

1. e3 d5 2. b3 Nf6 3. Bb2 e6 4. f4 Be7 5. Nf3 Nbd7 6. Be2 c6 7. d3 Qb6 8. Qd2
O-O 9. Nc3 Ng4 10. Nd1 Bf6 11. Bxf6 Ngxf6 12. O-O c5 13. Nf2 Re8 14. d4 Qd6 15.
c3 b6 16. Bb5 a6 17. Bd3 b5 18. Rab1 c4 19. bxc4 dxc4 20. Bc2 Bb7 21. a4 Bxf3
22. gxf3 Qc6 23. axb5 axb5 24. Ne4 Ra2 25. Nxf6+ Nxf6 26. Bxh7+ Nxh7 27. Qxa2
e5 28. f5 Qf6 29. Rxb5 Qg5+ 30. Qg2 Qxe3+ 31. Kh1 exd4 32. Rg1 Qh6 33. cxd4 Nf6
34. Rc5 Nh5 35. f6 Nxf6 36. Rxc4 Nh5 37. Rc5 Nf4 38. Qg5 Qxg5 39. Rcxg5 Nh3 40.
Rxg7+ Kh8 41. R7g3 Nxg1 42. Kxg1 Re2 43. Rg2 Re3 44. Kf2 Rd3 45. Rg4 Kh7 46.
Ke2 Ra3 47. h4 Kh6 48. Kf2 1-0

[Event "Scarborough CC ch Reserves op"]
[Site "Toronto CAN"]
[Date "2010.03.18"]
[Round "4"]
[White "Radpey, Abdolreza"]
[Black "Moran-Venegas, Mario"]
[Result "1/2-1/2"]
[WhiteElo "1555"]
[BlackElo "1735"]
[PlyCount "140"]
[EventDate "2010.02.25"]
[EventType "swiss"]
[EventRounds "9"]
[EventCountry "CAN"]

1. Nf3 Nf6 2. c4 g6 3. d4 Bg7 4. Nc3 O-O 5. e4 d6 6. Be2 c5 7. d5 Nbd7 8. O-O
h6 9. h3 Kh7 10. Qc2 a6 11. a4 Ng8 12. Nh2 e5 13. Be3 Ndf6 14. f4 exf4 15. Rxf4
Nd7 16. Raf1 Qe7 17. Bd3 Ne5 18. R4f2 Nf6 19. Nf3 Nh5 20. Nxe5 Bxe5 21. Ne2 Ng3
22. Nxg3 Bxg3 23. Rf3 Be5 24. Qd2 Bg7 25. b3 Bd7 26. Qf2 Be8 27. Qg3 Be5 28.
Bf4 Bxf4 29. Qxf4 Qe5 30. Qxe5 dxe5 31. Rf6 Kg7 32. Rb6 Rb8 33. Be2 Bd7 34.
Rff6 Rbd8 35. Rfd6 Bc8 36. Bg4 Rxd6 37. Rxd6 Bxg4 38. hxg4 Rb8 39. Rb6 Kf8 40.
b4 cxb4 41. Rxb4 Ke7 42. c5 Kd8 43. Rb6 Rc8 44. Rd6+ Ke8 45. c6 bxc6 46. dxc6
Ke7 47. Rd5 Rxc6 48. Rxe5+ Re6 49. Rxe6+ Kxe6 50. Kf2 Ke5 51. Ke3 a5 52. g3 h5
53. g5 f5 54. gxf6 Kxf6 55. Kd4 g5 56. Kd5 h4 57. e5+ Ke7 58. gxh4 gxh4 59. Ke4
Ke6 60. Kf4 h3 61. Kg3 Kxe5 62. Kxh3 Kd4 63. Kg3 Kc4 64. Kf3 Kb4 65. Ke2 Kxa4
66. Kd1 Kb3 67. Kc1 Ka2 68. Kc2 a4 69. Kc1 a3 70. Kc2 Ka1 1/2-1/2

[Event "Scarborough CC ch Reserves op"]
[Site "Toronto CAN"]
[Date "2010.03.18"]
[Round "4"]
[White "Song, Michael"]
[Black "Lin, Tony (Juntao)"]
[Result "1-0"]
[WhiteElo "1858"]
[BlackElo "1734"]
[PlyCount "71"]
[EventDate "2010.02.25"]
[EventType "swiss"]
[EventRounds "9"]
[EventCountry "CAN"]

1. d4 e6 2. c4 Nf6 3. Nf3 b6 4. g3 Ba6 5. b3 Bb7 6. Bg2 Bb4+ 7. Bd2 Be7 8. O-O
O-O 9. Nc3 Na6 10. Bf4 Nh5 11. Bc1 d6 12. e4 c5 13. d5 Nf6 14. Ne1 e5 15. Nc2
Nd7 16. Bh3 Nc7 17. Ne3 g6 18. f4 Bf6 19. Bxd7 Qxd7 20. Ng4 Bg7 21. f5 h5 22.
Ne3 Qd8 23. Kh1 a6 24. g4 h4 25. Ng2 g5 26. Na4 b5 27. Nb6 Ra7 28. f6 Bxf6 29.
Nd7 Qxd7 30. Rxf6 Ne8 31. Bxg5 Nxf6 32. Bxf6 Kh7 33. g5 Kg6 34. Nxh4+ Kh7 35.
Qh5+ Kg8 36. Qh8# 1-0

[Event "Scarborough CC ch Reserves op"]
[Site "Toronto CAN"]
[Date "2010.03.18"]
[Round "4"]
[White "Stein, Mickey"]
[Black "Stewart, Frankie"]
[Result "0-1"]
[WhiteElo "2038"]
[BlackElo "1766"]
[PlyCount "82"]
[EventDate "2010.02.25"]
[EventType "swiss"]
[EventRounds "9"]
[EventCountry "CAN"]

1. e4 e5 2. Nf3 Nc6 3. Bb5 Bc5 4. O-O d6 5. d4 exd4 6. Nxd4 Bd7 7. Be3 Nf6 8.
Nxc6 bxc6 9. Bxc5 cxb5 10. Bd4 O-O 11. Qf3 Re8 12. Re1 Bc6 13. Nc3 Re6 14. Nd5
Nxe4 15. Qg4 Qf8 16. Nxc7 Rg6 17. Qf4 Ng5 18. Re3 Bxg2 19. Nxa8 Nh3+ 20. Rxh3
Bxh3+ 21. Kh1 Qxa8+ 22. f3 Bg2+ 23. Kg1 Bxf3+ 24. Kf2 Rg2+ 25. Kf1 Be2+ 26. Ke1
Qe8 27. Qe3 Qxe3 28. Bxe3 a6 29. Bf2 Bf3 30. c4 bxc4 31. b3 Rxh2 32. Bg1 Re2+
33. Kf1 c3 34. b4 c2 35. Rc1 Rd2 36. Be3 Rd1+ 37. Kf2 Rxc1 38. Bxc1 Bc6 39. Ke3
Kf8 40. Kd3 Ba4 41. Kd4 Ke7 0-1

[Event "Scarborough CC ch Reserves op"]
[Site "Toronto CAN"]
[Date "2010.03.18"]
[Round "4"]
[White "Super, Russell"]
[Black "Armstrong, Robert J"]
[Result "0-1"]
[WhiteElo "1449"]
[BlackElo "1736"]
[PlyCount "68"]
[EventDate "2010.02.25"]
[EventType "swiss"]
[EventRounds "9"]
[EventCountry "CAN"]

1. e4 g6 2. d4 Bg7 3. Nf3 d6 4. h3 Nf6 5. Nc3 O-O 6. Be2 c6 7. O-O b5 8. a3 a5
9. Be3 Bb7 10. Qd2 Qc7 11. b4 Nbd7 12. Nh2 axb4 13. axb4 Nb6 14. f4 Na4 15. e5
Nxc3 16. Qxc3 Ne4 17. Qe1 Rxa1 18. Qxa1 Ng3 19. Re1 Nxe2+ 20. Rxe2 Ra8 21. Qd1
Rd8 22. Bd2 c5 23. c3 dxe5 24. dxe5 c4 25. Nf3 Bxf3 26. gxf3 Qb6+ 27. Kg2 Rd3
28. Qc1 Qc6 29. Re3 Qd7 30. Re2 Bh6 31. h4 Qd5 32. Be3 Bxf4 33. Qe1 Bxe5 34.
Rc2 f6 0-1